000 00450nam a22001697a 4500
003 CEME
005 20210628210339.0
008 210216b xxu||||| |||| 00| 0 eng d
040 _c.
082 _a297.122 NOU
100 _aNoumani, Muhammad Abdul Rashe
_979066
245 _aLughat-ul-quran
260 _aKARACHI
_bDAR-UL-ASHAAT
_c1994
300 _aVP, 6-VOL
650 _aISLAM-LUGHAT-UL-QURAN ISLAM-QURAN-DICTIONARY
_979067
942 _cBK
_2ddc
999 _c584137
_d584137